[Event "12. European Club Cup 2007 Femenino"]
[Site "Kemer TUR"]
[Date "2007.10.03"]
[Round "1.8"]
[White "Kesim, Ayse Hazan"]
[Black "Turova, Irina"]
[Result "1-0"]
[WhiteElo "1650"]
[BlackElo "2383"]
[PlyCount "73"]
[EventDate "2007.10.03"]
[EventType "team"]
[EventRounds "7"]
[EventCountry "TUR"]
[Source "lmi"]
[SourceDate "2007.10.03"]

1. e4 e5 2. Nf3 Nc6 3. Bb5 a6 4. Ba4 Nf6 5. O-O Be7 6. d3 b5 7. Bb3 d6 8. h3
Na5 9. c3 Nxb3 10. axb3 c5 11. Re1 O-O 12. Nbd2 Bb7 13. c4 Ne8 14. Nf1 f5 15.
Ng3 f4 16. Nf5 Bf6 17. cxb5 axb5 18. Rxa8 Bxa8 19. b4 Nc7 20. bxc5 dxc5 21.
Qb3+ Kh8 22. Bd2 Qd7 23. Qc2 Ne6 24. Bc3 Nd4 25. Bxd4 cxd4 26. Rc1 g6 27. Nh6
Bg7 28. Ng4 Qe6 29. Qc7 Qb3 30. Ngxe5 Qxb2 31. Ng5 Kg8 32. Rc2 Qb1+ 33. Rc1 Qb2
34. Kh2 Qxf2 35. Ne6 Qg3+ 36. Kh1 Bh6 37. Nxf8 1-0

[Event "12. European Club Cup 2007 Femenino"]
[Site "Kemer TUR"]
[Date "2007.10.03"]
[Round "1.9"]
[White "Steil-Antoni, Fiona"]
[Black "Gaponenko, Inna"]
[Result "1/2-1/2"]
[WhiteElo "2104"]
[BlackElo "2440"]
[PlyCount "45"]
[EventDate "2007.10.03"]
[EventType "team"]
[EventRounds "7"]
[EventCountry "TUR"]
[Source "lmi"]
[SourceDate "2007.10.03"]

1. e4 c5 2. Nc3 e6 3. f4 d5 4. Bb5+ Bd7 5. Qe2 d4 6. Bxd7+ Qxd7 7. Nd1 Nc6 8.
d3 Nf6 9. Nf3 Be7 10. O-O O-O 11. Nf2 Ne8 12. Bd2 Nc7 13. Rae1 Rae8 14. g4 f5
15. g5 Bd8 16. Nh1 e5 17. Nxe5 Nxe5 18. fxe5 Rxe5 19. Ng3 fxe4 20. Rxf8+ Kxf8
21. Nxe4 Rf5 22. Rf1 Be7 23. Kg2 1/2-1/2

[Event "12. European Club Cup 2007 Femenino"]
[Site "Kemer TUR"]
[Date "2007.10.03"]
[Round "1.9"]
[White "Zaiatz, Elena"]
[Black "Klipper, Rebecca"]
[Result "1-0"]
[WhiteElo "2366"]
[BlackElo "2069"]
[PlyCount "31"]
[EventDate "2007.10.03"]
[EventType "team"]
[EventRounds "7"]
[EventCountry "TUR"]
[Source "lmi"]
[SourceDate "2007.10.03"]

1. d4 Nf6 2. c4 c5 3. d5 b5 4. Nf3 g6 5. cxb5 a6 6. b6 a5 7. Nc3 Ba6 8. e4 Bxf1
9. Rxf1 d6 10. e5 dxe5 11. Nxe5 Qxb6 12. Nc4 Qb4 13. Qe2 Kd8 14. Ne5 Ke8 15. d6
e6 16. Qb5+ 1-0

[Event "12. European Club Cup 2007 Femenino"]
[Site "Kemer TUR"]
[Date "2007.10.04"]
[Round "2.1"]
[White "Koneru, Humpy"]
[Black "Zhukova, Natalia"]
[Result "1-0"]
[WhiteElo "2606"]
[BlackElo "2452"]
[PlyCount "87"]
[EventDate "2007.10.03"]
[EventType "team"]
[EventRounds "7"]
[EventCountry "TUR"]
[Source "lmi"]
[SourceDate "2007.10.03"]
[WhiteTeam "	Cercle d'Echecs de Monte-Carlo"]
[BlackTeam "SK T-Com Podgorica"]

1. d4 d5 2. c4 c6 3. Nf3 Nf6 4. e3 a6 5. Bd3 Bg4 6. Qb3 Bxf3 7. gxf3 Qc7 8. Nc3
e6 9. cxd5 cxd5 10. e4 Nc6 11. Be3 Rd8 12. e5 Nd7 13. f4 Qb6 14. Qxb6 Nxb6 15.
f5 Nb4 16. Bb1 Nc4 17. Bc1 Nc6 18. Ne2 Bb4+ 19. Kd1 exf5 20. Bxf5 O-O 21. Rg1
g6 22. a3 Be7 23. b3 N4a5 24. Bc2 f6 25. f4 fxe5 26. dxe5 d4 27. Bd3 b5 28. Kc2
Nb7 29. Bd2 Nc5 30. b4 Na4 31. Kb3 Rc8 32. Rac1 Nb6 33. Bxg6 hxg6 34. Rxg6+ Kf7
35. Rgxc6 Nc4 36. R1xc4 bxc4+ 37. Rxc4 d3 38. Nd4 Rxc4 39. Kxc4 Rh8 40. Kxd3
Rxh2 41. Be3 Ra2 42. Nc2 Rb2 43. f5 Rb1 44. Bd4 1-0

[Event "12. European Club Cup 2007 Femenino"]
[Site "Kemer TUR"]
[Date "2007.10.04"]
[Round "2.1"]
[White "Maric, Alisa"]
[Black "Cramling, Pia"]
[Result "1/2-1/2"]
[WhiteElo "2408"]
[BlackElo "2531"]
[PlyCount "71"]
[EventDate "2007.10.03"]
[EventType "team"]
[EventRounds "7"]
[EventCountry "TUR"]
[Source "lmi"]
[SourceDate "2007.10.03"]
[WhiteTeam "SK T-Com Podgorica"]
[BlackTeam "	Cercle d'Echecs de Monte-Carlo"]

1. d4 d5 2. c4 c6 3. e3 Nf6 4. Nc3 e6 5. Nf3 a6 6. Qc2 dxc4 7. Bxc4 c5 8. dxc5
Bxc5 9. O-O Nbd7 10. Rd1 Qc7 11. Bd3 Be7 12. Bd2 b5 13. Rac1 Bb7 14. Nd5 Qxc2
15. Nxf6+ gxf6 16. Bxc2 Rg8 17. Kf1 f5 18. Bc3 Rc8 19. Ne1 Nb6 20. Bd4 Nd5 21.
Bb3 Rxc1 22. Rxc1 Kd7 23. f3 f6 24. Nd3 e5 25. Nc5+ Bxc5 26. Bxc5 Rc8 27. Kf2
Ke8 28. Rc2 Kd7 29. a3 a5 30. Bxd5 Bxd5 31. b4 axb4 32. axb4 Ra8 33. Rd2 Ke6
34. h3 Ra2 35. Rxa2 Bxa2 36. Bf8 1/2-1/2

[Event "12. European Club Cup 2007 Femenino"]
[Site "Kemer TUR"]
[Date "2007.10.04"]
[Round "2.1"]
[White "Benderac, Ana"]
[Black "Socko, Monika"]
[Result "1/2-1/2"]
[WhiteElo "2328"]
[BlackElo "2473"]
[PlyCount "71"]
[EventDate "2007.10.03"]
[EventType "team"]
[EventRounds "7"]
[EventCountry "TUR"]
[Source "lmi"]
[SourceDate "2007.10.03"]
[WhiteTeam "SK T-Com Podgorica"]
[BlackTeam "	Cercle d'Echecs de Monte-Carlo"]

1. e4 e6 2. d4 d5 3. e5 c5 4. c3 Nc6 5. Nf3 Qb6 6. a3 Bd7 7. b4 cxd4 8. cxd4
Rc8 9. Be3 Nh6 10. Bd3 Ng4 11. O-O Be7 12. Nbd2 Nxe3 13. fxe3 O-O 14. Nb3 Qd8
15. Nc5 Rb8 16. Rc1 g6 17. Rf2 Bxc5 18. Rxc5 Ne7 19. Qc1 Kg7 20. g4 a6 21. Qf1
Ng8 22. g5 Rc8 23. h4 Rxc5 24. bxc5 Qa5 25. h5 Ne7 26. h6+ Kg8 27. Nh4 Bb5 28.
Bxb5 axb5 29. Rb2 Nf5 30. Nxf5 gxf5 31. Rxb5 Qxa3 32. Qf2 Qd3 33. Rxb7 Qd1+ 34.
Kg2 Qg4+ 35. Qg3 Qe2+ 36. Qf2 1/2-1/2

[Event "12. European Club Cup 2007 Femenino"]
[Site "Kemer TUR"]
[Date "2007.10.04"]
[Round "2.2"]
[White "Gaponenko, Inna"]
[Black "Xu, Yuhua"]
[Result "1/2-1/2"]
[WhiteElo "2440"]
[BlackElo "2517"]
[PlyCount "111"]
[EventDate "2007.10.03"]
[EventType "team"]
[EventRounds "7"]
[EventCountry "TUR"]
[Source "lmi"]
[SourceDate "2007.10.03"]
[WhiteTeam "Ladya Kazan"]
[BlackTeam "AVS Krasnoturinsk"]

1. e4 e6 2. d4 d5 3. exd5 exd5 4. Nf3 Nf6 5. Bd3 Bd6 6. O-O O-O 7. Bg5 Bg4 8.
Nbd2 Nbd7 9. c3 c6 10. Qc2 h6 11. Bh4 Qc7 12. Rfe1 Rfe8 13. Bg3 Rxe1+ 14. Rxe1
Re8 15. Rxe8+ Nxe8 16. Nh4 Bxg3 17. hxg3 Nef6 18. Nf5 c5 19. dxc5 Nxc5 20. Ne3
Bh5 21. Bf5 Be2 22. Nb3 Bc4 23. Nxc5 Qxc5 24. b3 Bb5 25. a4 Be8 26. Qd2 a5 27.
b4 axb4 28. cxb4 Qd6 29. Bc2 Qe5 30. b5 Bd7 31. Bb3 Be6 32. f4 Qa1+ 33. Qd1 Qc3
34. Nf1 Ne4 35. f5 Bxf5 36. Qxd5 Bg6 37. Qc4 Qe1 38. Qd3 Qf2+ 39. Kh2 Nc5 40.
Qxg6 Nxb3 41. Qd3 Nc5 42. Qd5 b6 43. Qd8+ Kh7 44. Qxb6 Qf5 45. a5 Nd7 46. Qb7
Nf6 47. Ne3 Qh5+ 48. Kg1 Qe2 49. Nf1 Ne4 50. a6 Qf2+ 51. Kh2 f5 52. a7 Qxf1 53.
Qxe4 fxe4 54. a8=Q Qxb5 55. Qxe4+ Kg8 56. Qe6+ 1/2-1/2

[Event "12. European Club Cup 2007 Femenino"]
[Site "Kemer TUR"]
[Date "2007.10.04"]
[Round "2.2"]
[White "Chistiakova, Tamara"]
[Black "Muzychuk, Anna"]
[Result "0-1"]
[WhiteElo "2363"]
[BlackElo "2469"]
[PlyCount "80"]
[EventDate "2007.10.03"]
[EventType "team"]
[EventRounds "7"]
[EventCountry "TUR"]
[Source "lmi"]
[SourceDate "2007.10.03"]
[WhiteTeam "Ladya Kazan"]
[BlackTeam "AVS Krasnoturinsk"]

1. d4 Nf6 2. c4 c5 3. d5 b5 4. Nf3 e6 5. dxe6 fxe6 6. cxb5 d5 7. g3 Bd6 8. Bh3
O-O 9. O-O Qe8 10. Nc3 Qh5 11. Ng5 Qe8 12. e4 h6 13. exd5 hxg5 14. dxe6 Be5 15.
Bg2 Bxe6 16. Bxa8 Nbd7 17. Bc6 Kh8 18. Bxg5 Ng4 19. Ne4 Bd4 20. h4 Qb8 21. Kg2
Nde5 22. Bf4 Rxf4 23. gxf4 Nxc6 24. Qf3 Ne7 25. Rh1 Ng6 26. Rad1 Nxf4+ 27. Kg1
Bf5 28. Ng5 Bxf2+ 29. Qxf2 Nxf2 30. Rd8+ Qxd8 31. Nf7+ Kg8 32. Nxd8 Nxh1 33.
Kxh1 Kf8 34. Kh2 Bd7 35. Nb7 Nd3 36. a4 c4 37. Kg3 Nxb2 38. Nc5 Ke7 39. Kf3 Kd6
40. Ne4+ Ke5 0-1

[Event "12. European Club Cup 2007 Femenino"]
[Site "Kemer TUR"]
[Date "2007.10.04"]
[Round "2.2"]
[White "Pogonina, Natalija"]
[Black "Shaidullina, Sandugach"]
[Result "1-0"]
[WhiteElo "2462"]
[BlackElo "2296"]
[PlyCount "46"]
[EventDate "2007.10.03"]
[EventType "team"]
[EventRounds "7"]
[EventCountry "TUR"]
[Source "lmi"]
[SourceDate "2007.10.03"]
[WhiteTeam "AVS Krasnoturinsk"]
[BlackTeam "Ladya Kazan"]

1. e4 c5 2. Nf3 Nc6 3. d4 cxd4 4. Nxd4 Nf6 5. Nc3 d6 6. Bg5 e6 7. Qd2 a6 8. Be2
Qb6 9. Nb3 Qc7 10. a4 b6 11. O-O Be7 12. Rad1 Bb7 13. f4 h6 14. Bxf6 gxf6 15.
f5 h5 16. fxe6 fxe6 17. Bc4 Nd8 18. Qe2 h4 19. h3 Rh6 20. Rf2 Rh8 21. Nd4 Qc5
22. Nb3 Qh5 23. Re1 Ra7 1-0

[Event "12. European Club Cup 2007 Femenino"]
[Site "Kemer TUR"]
[Date "2007.10.04"]
[Round "2.3"]
[White "Korbut, Ekaterina"]
[Black "Lahno, Kateryna"]
[Result "0-1"]
[WhiteElo "2443"]
[BlackElo "2459"]
[PlyCount "98"]
[EventDate "2007.10.03"]
[EventType "team"]
[EventRounds "7"]
[EventCountry "TUR"]
[Source "lmi"]
[SourceDate "2007.10.03"]
[WhiteTeam "Finec St.Petersburg"]
[BlackTeam "Southern Ural Cheliabins"]

1. e4 e5 2. Nf3 Nf6 3. Nxe5 d6 4. Nf3 Nxe4 5. Nc3 Nxc3 6. dxc3 Be7 7. Be3 O-O
8. Qd2 Nd7 9. O-O-O Re8 10. h4 c6 11. c4 Nc5 12. Bd3 Nxd3+ 13. Qxd3 Qa5 14. Bd2
Qf5 15. Bb4 Qxd3 16. cxd3 Bg4 17. Rde1 Bxf3 18. gxf3 Bf8 19. Bc3 h5 20. f4 f5
21. Re3 Kf7 22. Kd2 Rad8 23. Ke2 d5 24. cxd5 Rxd5 25. Rg1 Red8 26. Be5 g6 27.
d4 Be7 28. Reg3 Rg8 29. Rf1 Rd7 30. Rc3 Bd8 31. Kd3 Ba5 32. Rc2 Bb6 33. Kc4
Rgd8 34. Rd2 Rd5 35. Rd3 c5 36. Rfd1 cxd4 37. Bxd4 Bc7 38. Bxa7 Rxd3 39. Rxd3
Rxd3 40. Kxd3 Bd8 41. a4 Bxh4 42. b4 Bd8 43. Bd4 Ke6 44. f3 h4 45. Ke2 Kd5 46.
Be3 Kc4 47. Bd2 Kb3 48. a5 Ka4 49. Kf2 Be7 0-1

[Event "12. European Club Cup 2007 Femenino"]
[Site "Kemer TUR"]
[Date "2007.10.04"]
[Round "2.3"]
[White "Hou, Yifan"]
[Black "Cmilyte, Viktorija"]
[Result "1-0"]
[WhiteElo "2502"]
[BlackElo "2464"]
[PlyCount "105"]
[EventDate "2007.10.03"]
[EventType "team"]
[EventRounds "7"]
[EventCountry "TUR"]
[Source "lmi"]
[SourceDate "2007.10.03"]
[WhiteTeam "Southern Ural Cheliabins"]
[BlackTeam "Finec St.Petersburg"]

1. e4 e5 2. Nf3 Nf6 3. Nxe5 d6 4. Nf3 Nxe4 5. d4 d5 6. Bd3 Bd6 7. O-O O-O 8. c4
c6 9. Re1 Bf5 10. Nc3 Nxc3 11. bxc3 Bxd3 12. Qxd3 dxc4 13. Qxc4 b5 14. Qd3 Nd7
15. Bg5 Qc7 16. Be7 Bxe7 17. Rxe7 Qd6 18. Rae1 Nf6 19. c4 bxc4 20. Qxc4 Nd5 21.
Rb7 Rfb8 22. Qb3 Rxb7 23. Qxb7 Nb6 24. Qxa8+ Nxa8 25. Re8+ Qf8 26. Rxf8+ Kxf8
27. Ne5 c5 28. dxc5 Nc7 29. Nc6 a6 30. Nb4 Ke7 31. Kf1 Kd7 32. Ke2 a5 33. Nd3
f6 34. Kd2 Kc6 35. Kc3 Kd5 36. Kb3 Kd4 37. Nb2 Kxc5 38. Ka4 Nd5 39. Kxa5 Nb4
40. Na4+ Kc4 41. Nb6+ Kc5 42. Nd7+ Kc4 43. a4 Nd3 44. Kb6 Nxf2 45. a5 Ne4 46.
Kc6 Nc3 47. a6 Nb5 48. Nb6+ Kb4 49. Nd5+ Ka5 50. Nc3 Na7+ 51. Kb7 Nc8 52. Kxc8
Kxa6 53. Kd7 1-0

[Event "12. European Club Cup 2007 Femenino"]
[Site "Kemer TUR"]
[Date "2007.10.04"]
[Round "2.3"]
[White "Demina, Julia"]
[Black "Kovalevskaya, Ekaterina"]
[Result "0-1"]
[WhiteElo "2327"]
[BlackElo "2448"]
[PlyCount "92"]
[EventDate "2007.10.03"]
[EventType "team"]
[EventRounds "7"]
[EventCountry "TUR"]
[Source "lmi"]
[SourceDate "2007.10.03"]
[WhiteTeam "Finec St.Petersburg"]
[BlackTeam "Southern Ural Cheliabins"]

1. d4 Nf6 2. Nf3 e6 3. c4 d5 4. Nc3 c5 5. cxd5 Nxd5 6. e4 Nxc3 7. bxc3 cxd4 8.
cxd4 Bb4+ 9. Bd2 Bxd2+ 10. Qxd2 O-O 11. Be2 b6 12. O-O Bb7 13. Qe3 Nc6 14. Rac1
Qf6 15. Bb5 Rac8 16. Rfe1 Na5 17. h3 Qe7 18. Qf4 Qf6 19. Qxf6 gxf6 20. Bd3 Rfd8
21. Rxc8 Rxc8 22. Rd1 Rd8 23. Kf1 Nc6 24. Bb1 Ne5 25. Ke1 Nxf3+ 26. gxf3 Kf8
27. Ke2 Ke7 28. f4 Rc8 29. Bd3 Rc3 30. h4 Ra3 31. Rd2 Ba6 32. Bxa6 Rxa6 33. f3
Ra3 34. Kf2 f5 35. Kg2 a6 36. Rb2 b5 37. Rd2 b4 38. h5 h6 39. exf5 exf5 40. d5
Kd6 41. Kf2 a5 42. Ke2 Rc3 43. Kf2 Rc5 44. Ke3 Rxd5 45. Rg2 a4 46. Rg8 Kc5 0-1

[Event "12. European Club Cup 2007 Femenino"]
[Site "Kemer TUR"]
[Date "2007.10.04"]
[Round "2.3"]
[White "Kochetkova, Julia"]
[Black "Sudakova, Irina"]
[Result "0-1"]
[WhiteElo "2297"]
[BlackElo "2326"]
[PlyCount "152"]
[EventDate "2007.10.03"]
[EventType "team"]
[EventRounds "7"]
[EventCountry "TUR"]
[Source "lmi"]
[SourceDate "2007.10.03"]
[WhiteTeam "Southern Ural Cheliabins"]
[BlackTeam "Finec St.Petersburg"]

1. e4 e5 2. Nf3 d6 3. d4 exd4 4. Nxd4 Nf6 5. Nc3 Be7 6. Be2 O-O 7. O-O Re8 8.
Re1 c6 9. Bf4 a5 10. Qd2 Na6 11. Rad1 Nc5 12. Bf1 Qb6 13. h3 Bf8 14. e5 dxe5
15. Bxe5 Ncd7 16. Bxf6 Rxe1 17. Qxe1 Nxf6 18. b3 Bd7 19. Qe3 Qc7 20. Qf3 Re8
21. Bd3 Qe5 22. Bf5 Bxf5 23. Nxf5 Bb4 24. Rd3 g6 25. Nh6+ Kg7 26. Ng4 Nxg4 27.
hxg4 Qf6 28. Qxf6+ Kxf6 29. Kf1 Kg5 30. f3 f5 31. gxf5 gxf5 32. Ne2 Re7 33. Rd8
Kf6 34. Rf8+ Rf7 35. Rd8 Ke7 36. Rd3 Bc5 37. g3 Rf6 38. Nf4 Rd6 39. Ke2 Rh6 40.
Rd1 Bd6 41. Ke3 Rh2 42. Re1 Kd7 43. Ne2 Kc7 44. Rf1 Bc5+ 45. Kd3 b5 46. a4 Kb6
47. c3 Rh6 48. g4 Rd6+ 49. Kc2 Be3 50. Ng3 Rd2+ 51. Kb1 fxg4 52. fxg4 Rg2 53.
Rf3 Bg5 54. Rd3 bxa4 55. bxa4 Bh4 56. Nf5 Rxg4 57. Nxh4 Rxh4 58. Kb2 h5 59. Kb3
Rg4 60. Rd8 Rg5 61. Rh8 Kc5 62. Rd8 Rf5 63. Rh8 Kd5 64. Rd8+ Ke4 65. Kc4 Kf3
66. Rh8 Rg5 67. Rh6 Rg4+ 68. Kc5 h4 69. Kxc6 Kg3 70. c4 h3 71. c5 Rh4 72. Rg6+
Kf2 73. Rf6+ Ke2 74. Rg6 h2 75. Rg2+ Kd3 76. Rxh2 Rxh2 0-1

[Event "12. European Club Cup 2007 Femenino"]
[Site "Kemer TUR"]
[Date "2007.10.04"]
[Round "2.4"]
[White "Javakhishvili, Lela"]
[Black "Zhao, Xue"]
[Result "1/2-1/2"]
[WhiteElo "2474"]
[BlackElo "2530"]
[PlyCount "91"]
[EventDate "2007.10.03"]
[EventType "team"]
[EventRounds "7"]
[EventCountry "TUR"]
[Source "lmi"]
[SourceDate "2007.10.03"]
[WhiteTeam "Interplast Tbilisi"]
[BlackTeam "Economist Saratov	"]

1. d4 Nf6 2. c4 e6 3. Nf3 b6 4. g3 Ba6 5. Nbd2 Bb7 6. Bg2 d5 7. O-O Be7 8. Qa4+
Qd7 9. Qc2 Nc6 10. cxd5 exd5 11. a3 O-O 12. b4 Bd6 13. Nb3 Ba6 14. Bb2 Rfe8 15.
Nc1 Bc4 16. Re1 a5 17. Nd2 Bb5 18. e4 dxe4 19. Nxe4 Nxe4 20. Rxe4 axb4 21. a4
Ba6 22. Nd3 Bxd3 23. Qxd3 Rad8 24. Rae1 Na5 25. d5 Bf8 26. Qc2 Nb7 27. Rxe8
Rxe8 28. Rxe8 Qxe8 29. Qxc7 Nc5 30. Bf1 Qxa4 31. Qxb6 Qb3 32. d6 Qxb2 33. Qxc5
Qd2 34. Bc4 Qxd6 35. Qf5 Qg6 36. Qxg6 hxg6 37. h4 Bc5 38. Kf1 Kf8 39. Ke2 Ke7
40. Bd5 Bd4 41. Bb3 Bf6 42. Bc4 g5 43. hxg5 Bxg5 44. f3 Bc1 45. g4 f6 46. Kd3
1/2-1/2

[Event "12. European Club Cup 2007 Femenino"]
[Site "Kemer TUR"]
[Date "2007.10.04"]
[Round "2.4"]
[White "Paehtz, Elisabeth"]
[Black "Arakhamia-Grant, Ketevan"]
[Result "1/2-1/2"]
[WhiteElo "2452"]
[BlackElo "2432"]
[PlyCount "55"]
[EventDate "2007.10.03"]
[EventType "team"]
[EventRounds "7"]
[EventCountry "TUR"]
[Source "lmi"]
[SourceDate "2007.10.03"]
[WhiteTeam "Economist Saratov	"]
[BlackTeam "Interplast Tbilisi"]

1. e4 c5 2. Nf3 e6 3. d4 cxd4 4. Nxd4 Nc6 5. Nc3 d6 6. Be3 Nf6 7. Bc4 Be7 8.
Bb3 O-O 9. Qe2 Nd7 10. O-O Nxd4 11. Bxd4 Ne5 12. Rad1 Nc6 13. Be3 a6 14. f4 Bd7
15. Na4 b5 16. Nb6 Rb8 17. Qf2 Na5 18. e5 Bc6 19. f5 Bg5 20. Bxg5 Qxg5 21. fxe6
Nxb3 22. exf7+ Kh8 23. cxb3 Rxf7 24. Qe2 Rxf1+ 25. Kxf1 Qf5+ 26. Kg1 dxe5 27.
Qf2 Qxf2+ 28. Kxf2 1/2-1/2

[Event "12. European Club Cup 2007 Femenino"]
[Site "Kemer TUR"]
[Date "2007.10.04"]
[Round "2.4"]
[White "Dzagnidze, Nana"]
[Black "Vasilevich, Irina"]
[Result "1-0"]
[WhiteElo "2416"]
[BlackElo "2383"]
[PlyCount "63"]
[EventDate "2007.10.03"]
[EventType "team"]
[EventRounds "7"]
[EventCountry "TUR"]
[Source "lmi"]
[SourceDate "2007.10.03"]
[WhiteTeam "Interplast Tbilisi"]
[BlackTeam "Economist Saratov	"]

1. d4 Nf6 2. c4 e6 3. Nc3 Bb4 4. Qc2 O-O 5. a3 Bxc3+ 6. Qxc3 b6 7. Bg5 Ba6 8.
Qf3 Nc6 9. e3 Qe7 10. Rc1 Rac8 11. Ne2 h6 12. h4 Rfe8 13. Ng3 Kf8 14. Ne4 Nxd4
15. exd4 hxg5 16. hxg5 Ng8 17. g6 Nh6 18. gxf7 Qxf7 19. Qg3 e5 20. Rxh6 gxh6
21. Rc3 exd4 22. Rf3 Rxe4+ 23. Kd1 Re7 24. Bd3 Qxf3+ 25. Qxf3+ Rf7 26. Qg3 d6
27. Qh4 Kg7 28. Qg4+ Kh8 29. Qxd4+ Rg7 30. Qf6 Re8 31. Qxh6+ Kg8 32. g4 1-0

[Event "12. European Club Cup 2007 Femenino"]
[Site "Kemer TUR"]
[Date "2007.10.04"]
[Round "2.4"]
[White "Kursova, Maria"]
[Black "Lomineishvili, Maia"]
[Result "0-1"]
[WhiteElo "2358"]
[BlackElo "2409"]
[PlyCount "76"]
[EventDate "2007.10.03"]
[EventType "team"]
[EventRounds "7"]
[EventCountry "TUR"]
[Source "lmi"]
[SourceDate "2007.10.03"]
[WhiteTeam "Economist Saratov	"]
[BlackTeam "Interplast Tbilisi"]

1. d4 Nf6 2. Nf3 e6 3. c4 Bb4+ 4. Bd2 c5 5. Bxb4 cxb4 6. g3 O-O 7. Bg2 d6 8.
O-O a5 9. a3 Na6 10. axb4 Nxb4 11. Nc3 b6 12. Re1 Bb7 13. e4 Re8 14. Qb3 Rc8
15. Rad1 Ba6 16. Bf1 Nd7 17. Na2 Nxa2 18. Qxa2 Qc7 19. b3 e5 20. Qb2 Rcd8 21.
Re3 Bb7 22. Bg2 h6 23. h3 Rc8 24. Nd2 Nb8 25. f4 exd4 26. Qxd4 Nc6 27. Qc3 Nb4
28. Kh2 d5 29. Ree1 d4 30. Qf3 Nc2 31. Re2 Ne3 32. Rde1 f5 33. Qh5 Qf7 34.
Qxf7+ Kxf7 35. Rxe3 dxe3 36. Rxe3 Rcd8 37. Re2 fxe4 38. Nxe4 Rd4 0-1

[Event "12. European Club Cup 2007 Femenino"]
[Site "Kemer TUR"]
[Date "2007.10.04"]
[Round "2.5"]
[White "Danielian, Elina"]
[Black "Yanik, Emine"]
[Result "1-0"]
[WhiteElo "2458"]
[BlackElo "2069"]
[PlyCount "35"]
[EventDate "2007.10.03"]
[EventType "team"]
[EventRounds "7"]
[EventCountry "TUR"]
[Source "lmi"]
[SourceDate "2007.10.03"]
[WhiteTeam "MIKA Yerevan"]
[BlackTeam "Antalya Deniz Genclik"]

1. d4 d5 2. Nf3 Nf6 3. c4 e6 4. e3 c6 5. Nbd2 Nbd7 6. Bd3 Bd6 7. O-O O-O 8. e4
dxe4 9. Nxe4 Nxe4 10. Bxe4 f5 11. Bc2 e5 12. c5 Bc7 13. Bb3+ Kh8 14. Ng5 exd4
15. Ne6 Bxh2+ 16. Kxh2 Qh4+ 17. Kg1 Re8 18. Bg5 1-0

[Event "12. European Club Cup 2007 Femenino"]
[Site "Kemer TUR"]
[Date "2007.10.04"]
[Round "2.5"]
[White "Acarbay, Algi"]
[Black "Khurtsidze, Nino"]
[Result "0-1"]
[WhiteElo "1865"]
[BlackElo "2450"]
[PlyCount "50"]
[EventDate "2007.10.03"]
[EventType "team"]
[EventRounds "7"]
[EventCountry "TUR"]
[Source "lmi"]
[SourceDate "2007.10.03"]
[WhiteTeam "Antalya Deniz Genclik"]
[BlackTeam "MIKA Yerevan"]

1. e4 c5 2. Nf3 Nc6 3. d4 cxd4 4. Nxd4 Qb6 5. Nb5 a6 6. Be3 Qa5+ 7. Bd2 Qd8 8.
N5c3 b5 9. Be2 Nf6 10. Bf3 Rb8 11. Bf4 d6 12. O-O Bb7 13. Re1 e6 14. Nd2 Be7
15. Nb3 O-O 16. Qe2 Nd7 17. Rad1 Nce5 18. a3 Qc7 19. Nd4 Nc4 20. Ncxb5 axb5 21.
Nxb5 Qc5 22. a4 Nxb2 23. Rxd6 Ne5 24. Bxe5 Qxe5 25. Ra1 Bxd6 0-1

[Event "12. European Club Cup 2007 Femenino"]
[Site "Kemer TUR"]
[Date "2007.10.04"]
[Round "2.5"]
[White "Mkrtchian, Lilit"]
[Black "Sop, Selen"]
[Result "1-0"]
[WhiteElo "2402"]
[BlackElo "1911"]
[PlyCount "65"]
[EventDate "2007.10.03"]
[EventType "team"]
[EventRounds "7"]
[EventCountry "TUR"]
[Source "lmi"]
[SourceDate "2007.10.03"]
[WhiteTeam "MIKA Yerevan"]
[BlackTeam "Antalya Deniz Genclik"]

1. e4 c5 2. Nf3 e6 3. d4 cxd4 4. Nxd4 a6 5. Bd3 Nf6 6. O-O d6 7. c4 Be7 8. Nc3
Nbd7 9. b3 O-O 10. Bb2 Qc7 11. Kh1 Re8 12. f4 Bf8 13. Qe2 b6 14. Rae1 Nb8 15.
e5 Nfd7 16. exd6 Qa7 17. Nd5 Bb7 18. Nc7 Nc6 19. Nxe8 Nxd4 20. Nf6+ Nxf6 21.
Bxd4 Nd7 22. Qh5 g6 23. Qh3 Nc5 24. Bc2 a5 25. Re3 Bg7 26. Bxg7 Kxg7 27. f5
exf5 28. Bxf5 Rd8 29. Bxg6 hxg6 30. Rxf7+ Kxf7 31. Qh7+ Kf6 32. Qe7+ Kf5 33.
Re5+ 1-0

[Event "12. European Club Cup 2007 Femenino"]
[Site "Kemer TUR"]
[Date "2007.10.04"]
[Round "2.6"]
[White "Bensdorp, Marlies"]
[Black "Sharevich, Anna"]
[Result "0-1"]
[WhiteElo "2263"]
[BlackElo "2289"]
[PlyCount "72"]
[EventDate "2007.10.03"]
[EventType "team"]
[EventRounds "7"]
[EventCountry "TUR"]
[Source "lmi"]
[SourceDate "2007.10.03"]
[WhiteTeam "Utrecht"]
[BlackTeam "USV Volksbank Halle"]

1. d4 d5 2. c4 e6 3. Nc3 Be7 4. Nf3 Nf6 5. Bg5 h6 6. Bh4 O-O 7. e3 b6 8. Bd3
Bb7 9. O-O c5 10. dxc5 bxc5 11. cxd5 exd5 12. Rc1 Nbd7 13. Qe2 a6 14. Rfd1 Qb6
15. Bf5 Rfd8 16. Qc2 g5 17. Bg3 Bc6 18. Bxd7 Rxd7 19. Ne5 Rdd8 20. Na4 Bxa4 21.
Qxa4 Rac8 22. Rc2 Ne4 23. Rdc1 Qe6 24. Nd3 c4 25. Ne1 Nc5 26. Qa5 Nd3 27. Nxd3
cxd3 28. Rc7 Rxc7 29. Bxc7 Rc8 30. Qd2 Qe4 31. f3 Qb4 32. Qxd3 Bd6 33. a3 Qb7
34. Bxd6 Rxc1+ 35. Kf2 Qxb2+ 36. Kg3 Rg1 0-1

[Event "12. European Club Cup 2007 Femenino"]
[Site "Kemer TUR"]
[Date "2007.10.04"]
[Round "2.6"]
[White "Melamed, Tatiana"]
[Black "Van Weersel, Arlette"]
[Result "1-0"]
[WhiteElo "2363"]
[BlackElo "2174"]
[PlyCount "119"]
[EventDate "2007.10.03"]
[EventType "team"]
[EventRounds "7"]
[EventCountry "TUR"]
[Source "lmi"]
[SourceDate "2007.10.03"]
[WhiteTeam "USV Volksbank Halle"]
[BlackTeam "Utrecht"]

1. e4 e5 2. Nf3 Nc6 3. Bb5 a6 4. Ba4 Nf6 5. Qe2 b5 6. Bb3 Be7 7. c3 O-O 8. O-O
d6 9. d4 Bg4 10. Rd1 Qc8 11. h3 Bh5 12. a4 Qb7 13. Bg5 exd4 14. cxd4 Rae8 15.
axb5 axb5 16. Nc3 b4 17. Qb5 Qxb5 18. Nxb5 Nxe4 19. Bxe7 Nxe7 20. g4 c6 21.
Nxd6 Nxd6 22. gxh5 Nd5 23. Ne5 Nf6 24. Ra6 Nf5 25. Rxc6 Nxd4 26. Rxd4 Rxe5 27.
h6 Ne4 28. Rc7 gxh6 29. f4 Ng3 30. Kf2 Re2+ 31. Kf3 Rxb2 32. Rxb4 Nf5 33. Bxf7+
Rxf7 34. Rc8+ Kg7 35. Rxb2 Nh4+ 36. Kg4 Ng6 37. Rb4 h5+ 38. Kg3 h4+ 39. Kf3
Ne5+ 40. Ke3 Ng6 41. Rc5 Ra7 42. f5 Ra3+ 43. Ke4 Ne7 44. Rc7 Kf7 45. Rbb7 Ra4+
46. Ke3 Ra3+ 47. Kf4 Ra4+ 48. Kg5 Re4 49. Rxe7+ Rxe7 50. Rxe7+ Kxe7 51. Kxh4
Kf6 52. Kg4 Kf7 53. Kf4 Kf6 54. Ke4 Kf7 55. Ke5 Ke7 56. h4 Kf7 57. h5 Ke7 58.
f6+ Kf7 59. Kf5 Kf8 60. Ke6 1-0